| 000 | 00551nam a2200193 a 4500 | ||
|---|---|---|---|
| 005 | 20230602063533.0 | ||
| 008 | 991125s1994 mx 000 0 spa u | ||
| 020 | _a9682941636 | ||
| 035 | _aUPN01000006827 | ||
| 049 | _aI | ||
| 050 | 4 |
_aPQ7135 _bC37 |
|
| 245 | 0 | 0 |
_aCarrito de paletas / _cselec. de Francisco Hinojosa. |
| 260 |
_aMéxico : _bSEP, _c1994. |
||
| 300 |
_a127 p. : _bil., fotos |
||
| 440 | 0 |
_aLibros del rincón. _pItacate |
|
| 650 | 4 |
_aCuentos mexicanos _96937 |
|
| 700 | 1 |
_aHinojosa, Francisco, _d1954- _ecomp. _928902 |
|
| 905 | _aInfantil | ||
| 999 |
_c6827 _d6827 |
||